书目信息 |
| 题名: |
风云可测
|
|
| 作者: | ;金传达 执笔 ;安徽省休宁县风云可测编写组 编著 | |
| 分册: | ||
| 出版信息: | 北京 商务印书馆 1976 |
|
| 页数: | ||
| 开本: | ||
| 丛书名: | ||
| 单 册: | ||
| 中图分类: | P45-49 | |
| 科图分类: | ||
| 主题词: | 天气预报--普及读物 | |
| 电子资源: | ||
| ISBN: | ||
| 000 | 00638nam0 2200205 45 | |
| 001 | 0176002138 | |
| 005 | 20060812102947.70 | |
| 100 | @a19951101d1976 em y0chiy0121 ea | |
| 101 | 0 | @achi |
| 102 | @aCN@b110000 | |
| 105 | @ay z 000yy | |
| 200 | 10 | @a风云可测@Afeng yun ke ce@f安徽省休宁县《风云可测》编写组编著@g金传达执笔 |
| 210 | @a北京@c商务印书馆@d1976 | |
| 606 | @a天气预报@x普及读物 | |
| 690 | @aP45-49@v3 | |
| 702 | 0 | @a金传达@Ajin chuan da@4执笔 |
| 711 | 02 | @a安徽省休宁县风云可测编写组@Aan hui sheng xiu ning xian feng yun ke ce bian xie zu@4编著 |
| 801 | 2 | @aCN@bNLC@c20060812 |
| 801 | 0 | @aCN@bTSSF |
| 905 | @a10447@dP45-49@e51 | |
| 风云可测/安徽省休宁县《风云可测》编写组编著/金传达执笔.-北京:商务印书馆,1976 |
| ISBN : |
| ● |
| 相关链接 |
|
|
|
|
正题名:风云可测
索取号:P45-49/51
 
预约/预借
| 序号 | 登录号 | 条形码 | 馆藏地/架位号 | 状态 | 备注 |
| 1 | 0452346 | 204523462 | 密集书库/ [索取号:P45-49/51] | 在馆 |